000 00547nam a22001577a 4500
999 _c534353
_d534353
020 _qHard Cover.
082 _a620.11
100 _aAkhtar, Junaid
245 _aThermal and Kinetic Studies of Trinitrotoluene (TNT) and Amatol Vis-a-Vis Oxygen Balance /
_cJunaid Akhtar.
260 _aIslamabad:
_bSCME - NUST,
_c2015.
300 _a 104 p. :
_bill. ;
_c30cm.
942 _2ddc
_cTHE
650 _aEnergetic Material Engineering MS-Thesis.
_928492
700 _aDr. Abdul Qadeer Malik
_919504